000 01446nam1a2200289 i 4500
001 RU\NLR\bibl\146922
005 20260407063115.0
035 _a(NLR Aleph) 000143971
090 _a824768
_c824768
100 _a20010405g2000 u y0rusy50 ca
101 0 _arus
102 _aRU
105 _a||||z |||||
200 1 _aПрава человека
_eСб. док
_fУполномоч. по правам человека в Волгогр. обл., Волгогр. юрид. ин-т МВД России
_g[Авт.-сост. к.ю.н., доц. П.В. Анисимов, к.ю.н. Н.В. Кальченко]
210 _aВолгоград
_cИздатель
_d2000
215 _d20
463 0 _1001139164
606 0 _aПрава человека
_jЗаконы, постановления и т.п.
_xЗащита
_yРоссийская Федерация
_92086524
_3RU\NLR\auth\661262665
606 0 _aПрава человека
_jЗаконодательные материалы
_xЗащита
_yРоссийская Федерация
_92086524
_3RU\NLR\auth\661262665
686 _aХ620.32-39(2Р)21
702 1 _aАнисимов
_bП. В.
_4220
712 0 2 _4570
_aУполномоченный по правам человека в Волгоградской области
_3RU\NLR\AUTH\8810030362
_9559247
801 0 _aRU
_bNLR
_c20010405
_gPSBO
801 1 _aRU
_bNLR
_c20010405
852 _aNLR
_j2001-4/1301
942 _cBOOK